TEACHING OF ENGLISH AS A FOREIGN LANGUAGE (Record no. 486646)

MARC details
000 -LEADER
fixed length control field 00438nam a22001817a 4500
003 - CONTROL NUMBER IDENTIFIER
control field OSt
005 - DATE AND TIME OF LATEST TRANSACTION
control field 20120302144139.0
008 - FIXED-LENGTH DATA ELEMENTS--GENERAL INFORMATION
fixed length control field 090303t xxu||||| |||| 00| 0 eng d
035 ## - SYSTEM CONTROL NUMBER
System control number 716
040 ## - CATALOGING SOURCE
Transcribing agency ENGLISH
100 ## - MAIN ENTRY--PERSONAL NAME
Personal name MENON, T. K. N.
9 (RLIN) 1458
245 ## - TITLE STATEMENT
Title TEACHING OF ENGLISH AS A FOREIGN LANGUAGE
250 ## - EDITION STATEMENT
Edition statement 2 ND
260 ## - PUBLICATION, DISTRIBUTION, ETC. (IMPRINT)
Place of publication, distribution, etc BARODA
Name of publisher, distributor, etc ACHARYA
Date of publication, distribution, etc 1960
300 ## - PHYSICAL DESCRIPTION
Other physical details 216 P.
700 ## - ADDED ENTRY--PERSONAL NAME
Personal name PATEL, M. S.
9 (RLIN) 1459
942 ## - ADDED ENTRY ELEMENTS (KOHA)
Source of classification or shelving scheme Dewey Decimal Classification
Koha item type Book
Holdings
Withdrawn status Lost status Source of classification or shelving scheme Damaged status Not for loan Home library Current library Date acquired Cost, normal purchase price Total Checkouts Barcode Date last seen Price effective from
    Dewey Decimal Classification     Dr. Bedekar Vidya Mandir Library Dr. Bedekar Vidya Mandir Library 03/03/2009 5.75   716 03/19/2010 03/19/2010